Statistics for Avril Lavigne Charting Songs (Billboard Hot 100)

Click here to take the quiz!

General Stats

  • This quiz has been taken 32 times
  • The average score is 11 of 20

Answer Stats

AlbumWeeks OnPeakArtist(s)Song% Correct
The Best Damn Thing24 Weeks#1 (1 Week)Avril LavigneGirlfriend
94%
Let Go31 Weeks#2Avril LavigneComplicated
83%
Let Go27 Weeks#4Avril LavigneI'm With You
67%
Let Go20 Weeks#10Avril LavigneSk8er Boi
67%
Almost Alice3 Weeks#71Avril LavigneAlice
61%
Avril Lavigne15 Weeks#20Avril LavigneHere's To Never Growing Up
61%
Head Above Water2 Weeks#64Avril LavigneHead Above Water
61%
Under My Skin25 Weeks#9Avril LavigneMy Happy Ending
56%
Goodbye Lullaby20 Weeks#11Avril LavigneWhat The Hell
56%
Goodbye Lullaby7 Weeks#68Avril LavigneSmile
50%
The Best Damn Thing1 Week#95Avril LavigneHot
50%
The Best Damn Thing20 Weeks#24Avril LavigneWhen You're Gone
50%
Goodbye Lullaby7 Weeks#65Avril LavigneWish You Were Here
44%
Under My Skin17 Weeks#41Avril LavigneNobody's Home
44%
Let Go6 Weeks#64Avril LavigneLosing Grip
39%
Under My Skin20 Weeks#22Avril LavigneDon't Tell Me
39%
Avril Lavigne2 Weeks#78Avril Lavigne ft. Chad KroegerLet Me Go
39%
Avril Lavigne1 Week#91Avril LavigneRock n Roll
39%
Avril Lavigne1 Week#75Avril LavigneHello Kitty
33%
Eragon21 Weeks#17Avril LavigneKeep Holding On
28%

Score Distribution

Percentile by Number Answered

Percent of People with Each Score

Your Score History

You have not taken this quiz